00746 a2200205 4500003000500000005001700005010001600022020002400038040000900062082001500071100002000086245009400106250002100200260003900221300002500260505018300285650001700468700003300485700002200518Nust20221110134524.0 a 77000707 a0205058310 (v. 1) : cNust00a512 .1,BAR1 aBarr, Robert M.10aBasic skills in technical mathematics / cRobert M. Barr, J. Louis Nanney, John L. Cable. aVolume 1 algebra aBoston :bAllyn and Bacon,cc1977. a217pbill. ;c28 cm. aFundamentals Concepts (Page-1), First Degree Equations (Page-26), Products And Functions (Page-62), Formulas , Function And Factorials (Page-100), Algebraic Fractions (Page-108). 0aMathematics.1 aCable, John Laurence,d1934-1 aNanney, J. Louis,